000 00266nam a2200109Ia 4500
008 190216s9999||||xx |||||||||||||| ||und||
100 _aNull
245 0 _aSangethika Padangal Teliphon Prathishtapanam
260 _bBhasha Institute
650 _aPhysics
942 _cBK
999 _c39889
_d39889